La Lettonie pour les touristes... - Facile - Statistiques

Statistiques générales
  • Ce quiz a été pris 11 fois
  • Le résultat moyen est 11 sur 20
Statistiques - réponses
Question Indice Réponses Indice facile % Correct
Quelles sont les principales villes touristiques ? R Riga GARI
100%
Achats à faire 2/ Contenant pour la bière Chope PECHO
91%
La conduite se fait à droite ou à gauche ? Droite
91%
Quelle est la langue officielle ? Letton L
91%
Dans la capitale y-a-t-il un décalage horaire avec Paris ? (oui/non) Oui
91%
Quelles autres langues sont répandues ? R Russe
91%
La vitesse hors agglomération est limitée à {90} km/h
82%
Quelle est la monnaie ? Euro E
82%
Achats à faire 3/ Objets tissés en Lin NIL
82%
Quelles autres langues sont répandues ? A Anglais
73%
Le taux d'alcoolémie toléré au volant est de {0.5} g/l
64%
Le suffixe internet est lv
64%
Achats à faire 1/ Résine Ambre BRAME
55%
Quels parcs nationaux peut-on visiter ? K Kemeri EMERIK
18%
La religion majoritaire est luthéranisme L
18%
Quels parcs nationaux peut-on visiter ? G Gauja AGAJU
9%
Quelles sont les principales villes touristiques ? J Jurmala JLAMURA
9%
Quelles sont les principales villes touristiques ? K Kuldiga DILUAGK
9%
Quelles sont les principales villes touristiques ? S Sigulda DILUASG
9%
Quelles sont les principales villes touristiques ? B Bauska ABUSAK
0%
Aucun quiz correspondant
Distribution des résultats
% des personnes avec chaque résultat
Percentile par nombre de réponses
Votre historique - résultats
Vous n’avez pas pris ce quiz